000 00948nam a2200277Ia 4500
003 OSt
005 20221005110321.0
006 a|||||r|||| 00| 0
007 ta
008 221004b |||||||| |||| 00| 0 hin d
020 _cIndian Rupees 100
024 _a38823
037 _bGift, 22/08/2018,
_cTextual
040 _aCRL
_cCRL
_bhin
041 _2hin
_ahin
082 _aO158,3N67,AI, 152P2
100 _aगोयल, सन्तोष, अनु.
245 0 _aअ - इतिहास
246 _aA - itihāsa
260 _aनई दिल्ली
_bहिन्दी बुक सेन्टर भारत
_c2002
300 _a94पृ0
_ccm.
650 _a गुजराती साहित्य
650 _aगुजराती कहानी
942 _hO158,3N67,AI, 152P2
_cTEXL
_2cc
999 _c1018436
_d1018436